Spices in Chile.
| Corporate Author: | |
|---|---|
| Format: | Book |
| Published: |
Santiago:
MATRADE Santiago,
2008.
|
| Series: | Product market study : 2008
|
| Subjects: |
| LEADER | 00484cam a2200157 7i4500 | ||
|---|---|---|---|
| 001 | 0000022718 | ||
| 005 | 20090604090000.0 | ||
| 090 | 0 | 0 | |a CHIL 641.6383 |b MAL |
| 110 | 2 | 0 | |a Malaysia External Trade Development Corporation(MATRADE) |
| 245 | 2 | 0 | |a Spices in Chile. |
| 260 | 0 | 0 | |a Santiago: |b MATRADE Santiago, |c 2008. |
| 300 | # | # | |a 20 p. |
| 440 | 0 | 0 | |a Product market study : 2008 |
| 650 | 0 | 0 | |a Spices -- |x Markets -- |z Chile |
| 651 | 0 | 0 | |a Chile |
| 999 | |a 0000022470 |b Book |c Countries |e Business Information Centre | ||